Statistics for Biggest countries by volume

Click here to take the quiz!

General Stats

  • This quiz has been taken 8 times
  • The average score is 3 of 20

Answer Stats

HintAnswer% Correct
6th biggest: 2,519,076,450Australia
63%
5th biggest: 2,707,332,800Brazil
38%
4th biggest: 4,428,537,909Canada
38%
12th biggest: 1,846,350,990India
38%
2nd biggest: 9,827,046,000Russia
38%
3rd biggest: 6,952,170,680USA
38%
Biggest: 17,160,594,400China
25%
13th biggest: 1,645,876,848D.R. Congo
25%
19th biggest: 1,291,294,792Bolivia
13%
11th biggest: 1,905,392,800Algeria
0%
18th biggest: 1,386,330,400Angola
0%
14th biggest: 1,628,330,550Argentina
0%
17th biggest: 1,391,672,252Chile
0%
15th biggest: 1,458,517,900Ethiopia
0%
9th biggest: 1,998,731,475Iran
0%
8th biggest: 2,159,722,895Mexico
0%
7th biggest: 2,454,618,480Mongolia
0%
10th biggest: 1,990,393,780Peru
0%
16th biggest: 1,429,543,850Saudi Arabia
0%
20th biggest: 1,255,761,980South Africa
0%

Score Distribution

Percentile by Number Answered

Percent of People with Each Score

Your Score History

You have not taken this quiz